| 000 | 00546nam a22001457a 4500 | ||
|---|---|---|---|
| 999 |
_c535775 _d535775 |
||
| 082 | _a612 | ||
| 100 | _aMehmood, Muhammad Sajid | ||
| 245 |
_aRelationship Between Neutrophil-Lymphocyte Ratio and 8-Isoprostane Levels with Arterial Stiffness and Tpe/QTc Ratio in Hypertension / _cMuhammad Sajid Mehmood. |
||
| 260 |
_aIslamabad : _bAMC NUST, _c2014. |
||
| 300 | _a130 p. | ||
| 942 |
_2ddc _cTHE |
||
| 650 |
_aPhysilolgy - M Phil Theses. _930606 |
||
| 700 |
_aSup Dr M. Mazhar Hussain. _930587 |
||